000 00559nam a22002057a 4500
003 OSt
005 20140310183007.0
008 130211t xxu||||| |||| 00| 0 eng d
020 _a9718967850
050 _aT 57.77
_b.An25 1998
100 _aAndres, Tomas Q. D.
245 _aEffective management of resources and materials /
_cTomas Q.D. Andres
260 _aQuezon City :
_cGiraffe Book,
_b1998.
300 _a164 p. :
_c22 cm.
_bill. ;
521 _aBSBA
562 _e1
650 _a Industrial management
942 _2lcc
_cBK
_kLOC
999 _c18187
_d18187